[Event "Russian Rapid Team Championship (w)"]
[Site "Sochi"]
[Date "2022.10.18"]
[Round "5.11"]
[White "Garmash, Aliona"]
[Black "Porozhnyak, Maya"]
[Result "1-0"]
[BlackElo "1837"]
[WhiteElo "2061"]
[LiveChessVersion "1.4.8"]

1. d4 {[%clk 0:15:19]} e6 {[%clk 0:15:16]} 2. c4 {[%clk 0:15:25]} b6
{[%clk 0:15:22]} 3. Nf3 {[%clk 0:14:49]} Bb7 {[%clk 0:15:29]} 4. e3
{[%clk 0:14:21]} Nf6 {[%clk 0:15:34]} 5. Nc3 {[%clk 0:14:26]} Bb4
{[%clk 0:15:33]} 6. Bd2 {[%clk 0:14:27]} O-O {[%clk 0:14:21]} 7. Bd3
{[%clk 0:14:23]} c5 {[%clk 0:14:18]} 8. O-O {[%clk 0:13:09]} cxd4
{[%clk 0:14:15]} 9. Nxd4 {[%clk 0:13:06]} d5 {[%clk 0:13:32]} 10. Qc2
{[%clk 0:09:16]} dxc4 {[%clk 0:12:26]} 11. Bxc4 {[%clk 0:09:22]} Nbd7
{[%clk 0:12:15]} 12. a3 {[%clk 0:08:30]} Ne5 {[%clk 0:11:22]} 13. Nxe6
{[%clk 0:05:58]} fxe6 {[%clk 0:11:14]} 14. Bxe6+ {[%clk 0:06:06]} Kh8
{[%clk 0:11:17]} 15. axb4 {[%clk 0:06:14]} Qd6 {[%clk 0:11:13]} 16. Bh3
{[%clk 0:05:40]} Qxb4 {[%clk 0:09:45]} 17. Ra4 {[%clk 0:04:33]} Qc5
{[%clk 0:09:23]} 18. e4 {[%clk 0:04:09]} Bc6 {[%clk 0:07:37]} 19. Raa1
{[%clk 0:02:38]} Bxe4 {[%clk 0:07:36]} 20. Qb3 {[%clk 0:01:31]} Bd3
{[%clk 0:04:55]} 21. Be3 {[%clk 0:01:30]} Qc4 {[%clk 0:04:19]} 22. Qxc4
{[%clk 0:01:37]} Nxc4 {[%clk 0:04:28]} 23. Rfd1 {[%clk 0:01:43]} Bc2
{[%clk 0:04:16]} 24. Rdc1 {[%clk 0:01:46]} Nxe3 {[%clk 0:03:56]} 25. fxe3
{[%clk 0:01:55]} Bb3 {[%clk 0:03:09]} 26. Nb5 {[%clk 0:01:53]} a5
{[%clk 0:02:57]} 27. Rc6 {[%clk 0:01:44]} Rab8 {[%clk 0:02:53]} 28. Nd4
{[%clk 0:01:19]} Bd5 {[%clk 0:03:01]} 29. Rd6 {[%clk 0:01:23]} Be4
{[%clk 0:02:52]} 30. Rc1 {[%clk 0:01:12]} g5 {[%clk 0:02:06]} 31. Ne6
{[%clk 0:01:09]} Rfc8 {[%clk 0:01:30]} 32. Rxc8+ {[%clk 0:01:01]} Rxc8
{[%clk 0:01:39]} 33. Nxg5 {[%clk 0:01:06]} Rc1+ {[%clk 0:01:48]} 34. Kf2
{[%clk 0:01:14]} Rc2+ {[%clk 0:01:57]} 35. Kg3 {[%clk 0:00:52]} Ne8
{[%clk 0:01:56]} 36. Rxb6 {[%clk 0:00:23]} Bg6 {[%clk 0:02:05]} 37. Rb8
{[%clk 0:00:26]} Kg7 {[%clk 0:02:06]} 38. Ne6+ {[%clk 0:00:34]} Kf6
{[%clk 0:02:14]} 39. Nf4 {[%clk 0:00:38]} Bf7 {[%clk 0:02:24]} 40. Rb5
{[%clk 0:00:28]} a4 41. Rf5+ Kg7 {[%clk 0:02:19]} 42. Ra5 {[%clk 0:00:33]} Rxb2
{[%clk 0:01:12]} 43. Rxa4 {[%clk 0:00:42]} Nf6 {[%clk 0:01:21]} 44. Ra7
{[%clk 0:00:43]} Ne4+ {[%clk 0:01:28]} 45. Kh4 {[%clk 0:00:32]} Kf6
{[%clk 0:01:23]} 46. Ra6+ {[%clk 0:00:26]} Ke7 {[%clk 0:01:21]} 47. Bf5
{[%clk 0:00:32]} Nf6 {[%clk 0:01:08]} 48. e4 {[%clk 0:00:17]} Rb4
{[%clk 0:01:07]} 49. Kg5 {[%clk 0:00:13]} Nxe4+ {[%clk 0:01:02]} 50. Bxe4
{[%clk 0:00:20]} Rxe4 {[%clk 0:01:12]} 51. Kf5 {[%clk 0:00:14]} Rb4
{[%clk 0:01:15]} 52. Ra7+ {[%clk 0:00:20]} Ke8 {[%clk 0:01:23]} 53. h4
{[%clk 0:00:20]} Rb5+ {[%clk 0:01:29]} 54. Kg4 {[%clk 0:00:27]} h5+
{[%clk 0:01:36]} 55. Kh3 {[%clk 0:00:30]} Rb4 {[%clk 0:01:31]} 56. g3
{[%clk 0:00:30]} Rb5 {[%clk 0:01:22]} 57. Ra3 {[%clk 0:00:18]} Bc4
{[%clk 0:01:17]} 58. Kg2 {[%clk 0:00:16]} Bb3 {[%clk 0:01:19]} 59. Nxh5
{[%clk 0:00:13]} Kf7 {[%clk 0:01:22]} 60. Nf4 {[%clk 0:00:21]} Kf6
{[%clk 0:01:30]} 61. Ra6+ {[%clk 0:00:26]} Kf5 {[%clk 0:01:40]} 62. Rg6
{[%clk 0:00:27]} Bd5+ {[%clk 0:01:42]} 63. Kh3 {[%clk 0:00:28]} Bc4
{[%clk 0:01:29]} 64. Rg5+ {[%clk 0:00:34]} Kf6 {[%clk 0:01:38]} 65. Rxb5
{[%clk 0:00:41]} Bxb5 {[%clk 0:01:53]} 66. g4 {[%clk 0:00:40]} Ba4
{[%clk 0:01:53]} 67. Kg3 {[%clk 0:00:46]} Bd1 {[%clk 0:02:02]} 68. Nh3
{[%clk 0:00:51]} Kg5 {[%clk 0:02:19]} 69. h5+ {[%clk 0:00:51]} Kh6
{[%clk 0:02:19]} 70. Kh4 {[%clk 0:00:58]} Bc2 {[%clk 0:02:17]} 71. g5+
{[%clk 0:01:07]} Kg7 {[%clk 0:02:27]} 72. Nf2 {[%clk 0:01:04]} Bf5
{[%clk 0:02:34]} 73. Ng4 {[%clk 0:01:09]} Bc2 {[%clk 0:02:42]} 74. Ne3
{[%clk 0:01:12]} Bd3 {[%clk 0:02:54]} 75. h6+ {[%clk 0:01:13]} Kg6
{[%clk 0:02:55]} 76. Nd5 {[%clk 0:01:14]} Bc2 {[%clk 0:02:54]} 77. Nf4+
{[%clk 0:01:20]} Kh7 {[%clk 0:02:58]} 78. Kg4 Bb1 79. Kf3 {[%clk 0:01:25]} Bc2
{[%clk 0:02:59]} 80. Ke3 Bb1 {[%clk 0:03:08]} 81. Kd4 {[%clk 0:01:41]} Bc2
{[%clk 0:03:17]} 82. Ke5 Bb1 {[%clk 0:03:35]} 83. Kf6 {[%clk 0:01:52]} Bc2
{[%clk 0:03:36]} 84. Ne6 Bb1 {[%clk 0:03:43]} 85. Nd4 {[%clk 0:01:47]} Bd3 86.
Nf5 Bc4 {[%clk 0:03:35]} 87. g6+ {[%clk 0:02:03]} Kh8 {[%clk 0:03:41]} 88. Nd6
{[%clk 0:01:06]} Bd5 {[%clk 0:03:24]} 89. Nf7+ {[%clk 0:01:11]} Bxf7
{[%clk 0:03:31]} 90. gxf7 {[%clk 0:01:19]} Kh7 {[%clk 0:03:40]} 91. f8=R 1-0

[Event "Russian Rapid Team Championship (w)"]
[Site "Sochi"]
[Date "2022.10.18"]
[Round "5.12"]
[White "Serditykh, Olesya"]
[Black "Yurasova, Daria"]
[Result "0-1"]
[BlackElo "2053"]
[WhiteElo "1990"]
[LiveChessVersion "1.4.8"]

1. d4 {[%clk 0:15:17]} d5 {[%clk 0:15:20]} 2. Nf3 {[%clk 0:15:24]} Nf6
{[%clk 0:15:29]} 3. c4 {[%clk 0:15:29]} dxc4 {[%clk 0:15:37]} 4. e3
{[%clk 0:15:00]} e6 {[%clk 0:15:46]} 5. Bxc4 {[%clk 0:15:07]} a6 {[%clk 0:15:55]}
6. a4 {[%clk 0:14:50]} c5 {[%clk 0:16:01]} 7. O-O {[%clk 0:14:29]} Nc6
{[%clk 0:16:09]} 8. Nc3 {[%clk 0:13:58]} cxd4 {[%clk 0:16:04]} 9. exd4
{[%clk 0:14:04]} Be7 {[%clk 0:16:00]} 10. Be3 {[%clk 0:13:01]} O-O
{[%clk 0:16:08]} 11. Qe2 {[%clk 0:13:01]} Nb4 {[%clk 0:16:08]} 12. Ne5
{[%clk 0:11:44]} Bd7 {[%clk 0:16:08]} 13. Qf3 {[%clk 0:10:40]} Bc6
{[%clk 0:16:14]} 14. Nxc6 {[%clk 0:10:43]} bxc6 {[%clk 0:16:23]} 15. Rac1
{[%clk 0:10:28]} Nbd5 {[%clk 0:16:31]} 16. Ne4 {[%clk 0:09:08]} Nxe4
{[%clk 0:16:31]} 17. Qxe4 {[%clk 0:09:15]} g6 {[%clk 0:16:14]} 18. Rfd1
{[%clk 0:08:56]} Bf6 {[%clk 0:16:15]} 19. h3 {[%clk 0:08:31]} Bg7
{[%clk 0:16:23]} 20. b3 {[%clk 0:07:15]} Qb6 {[%clk 0:16:31]} 21. Bf4
{[%clk 0:06:42]} Nxf4 {[%clk 0:16:21]} 22. Qxf4 {[%clk 0:06:49]} Rfd8
{[%clk 0:16:22]} 23. Rd3 {[%clk 0:06:41]} Rxd4 {[%clk 0:15:35]} 24. Rxd4
{[%clk 0:06:41]} Bxd4 {[%clk 0:15:40]} 25. Rd1 {[%clk 0:06:19]} c5
{[%clk 0:15:31]} 26. Rd3 {[%clk 0:06:06]} Qb4 {[%clk 0:15:30]} 27. Qe4
{[%clk 0:05:55]} Rd8 {[%clk 0:14:55]} 28. g3 {[%clk 0:05:46]} a5 {[%clk 0:13:14]}
29. Kg2 {[%clk 0:05:40]} Kg7 {[%clk 0:13:07]} 30. h4 {[%clk 0:05:36]} h5
{[%clk 0:12:12]} 31. Rf3 {[%clk 0:05:38]} Rd7 {[%clk 0:11:59]} 32. g4
{[%clk 0:04:28]} hxg4 {[%clk 0:09:14]} 33. Qxg4 {[%clk 0:04:34]} Qd2
{[%clk 0:08:50]} 34. h5 {[%clk 0:02:35]} Qh6 {[%clk 0:08:36]} 35. Rh3
{[%clk 0:02:14]} g5 {[%clk 0:08:16]} 36. Rg3 {[%clk 0:02:10]} Bf6
{[%clk 0:08:18]} 37. f4 {[%clk 0:01:02]} Rd2+ {[%clk 0:08:27]} 38. Kh1
{[%clk 0:01:08]} Qh8 {[%clk 0:02:02]} 39. fxg5 {[%clk 0:00:27]} Be5
{[%clk 0:02:08]} 40. h6+ {[%clk 0:00:24]} Kf8 {[%clk 0:02:08]} 41. Rg2
{[%clk 0:00:20]} Rd4 {[%clk 0:02:11]} 42. Qf3 {[%clk 0:00:24]} Ke7
{[%clk 0:01:46]} 43. Re2 {[%clk 0:00:20]} Rh4+ {[%clk 0:00:56]} 44. Kg2
{[%clk 0:00:25]} Rd4 {[%clk 0:00:49]} 45. Bb5 {[%clk 0:00:23]} Qb8
{[%clk 0:00:28]} 46. h7 {[%clk 0:00:14]} Bg7 {[%clk 0:00:21]} 47. Qc6
{[%clk 0:00:17]} Rg4+ {[%clk 0:00:25]} 48. Kf1 {[%clk 0:00:25]} Qf4+
{[%clk 0:00:31]} 49. Rf2 {[%clk 0:00:33]} Qc1+ {[%clk 0:00:39]} 50. Ke2
{[%clk 0:00:43]} Qc2+ {[%clk 0:00:43]} 51. Kf3 {[%clk 0:00:45]} Qd1+
{[%clk 0:00:28]} 52. Be2 {[%clk 0:00:54]} Qh1+ {[%clk 0:00:36]} 53. Ke3
{[%clk 0:01:01]} Qxc6 {[%clk 0:00:43]} 54. Bxg4 {[%clk 0:01:10]} Qb6
{[%clk 0:00:50]} 55. Bh5 {[%clk 0:01:16]} Qxb3+ {[%clk 0:00:58]} 56. Ke2
{[%clk 0:01:25]} f6 {[%clk 0:00:56]} 57. gxf6+ {[%clk 0:01:33]} Bxf6
{[%clk 0:01:05]} 58. Bg6 {[%clk 0:01:26]} Qc4+ {[%clk 0:01:00]} 59. Bd3
{[%clk 0:01:32]} Qg4+ {[%clk 0:01:08]} 60. Kf1 {[%clk 0:01:37]} Qh3+
{[%clk 0:01:12]} 61. Ke2 {[%clk 0:01:46]} Bd4 {[%clk 0:01:17]} 62. Rf3
{[%clk 0:01:34]} Qg2+ {[%clk 0:01:24]} 0-1

[Event "Russian Rapid Team Championship (w)"]
[Site "Sochi"]
[Date "2022.10.19"]
[Round "6.1"]
[White "Pogonina, Natalija"]
[Black "Maletina, Tatiana"]
[Result "1/2-1/2"]
[BlackElo "2116"]
[WhiteElo "2466"]
[LiveChessVersion "1.4.8"]

1. d4 {[%clk 0:15:16]} e6 {[%clk 0:15:19]} 2. Nf3 {[%clk 0:15:23]} f5
{[%clk 0:15:28]} 3. Bf4 {[%clk 0:15:30]} Nf6 {[%clk 0:15:25]} 4. e3
{[%clk 0:15:36]} b6 {[%clk 0:15:06]} 5. Be2 {[%clk 0:15:16]} Bb7 {[%clk 0:15:14]}
6. O-O {[%clk 0:15:15]} Be7 {[%clk 0:15:21]} 7. h3 {[%clk 0:15:14]} O-O
{[%clk 0:15:27]} 8. c4 {[%clk 0:15:11]} Ne4 {[%clk 0:15:05]} 9. Nfd2
{[%clk 0:14:53]} Nxd2 {[%clk 0:14:58]} 10. Nxd2 {[%clk 0:14:58]} d6
{[%clk 0:15:06]} 11. Bf3 {[%clk 0:14:43]} Bxf3 {[%clk 0:13:44]} 12. Qxf3
{[%clk 0:14:38]} Nd7 {[%clk 0:13:53]} 13. Rad1 {[%clk 0:14:05]} Bg5
{[%clk 0:12:38]} 14. Bh2 {[%clk 0:11:12]} Nf6 15. c5 Qe7 {[%clk 0:11:50]} 16.
cxd6 {[%clk 0:09:32]} cxd6 {[%clk 0:11:58]} 17. Rc1 {[%clk 0:09:39]} Rac8
{[%clk 0:05:46]} 18. Qg3 {[%clk 0:07:40]} Rxc1 {[%clk 0:05:54]} 19. Rxc1
{[%clk 0:07:47]} Ne8 {[%clk 0:06:03]} 20. Qf3 {[%clk 0:07:28]} Kh8
{[%clk 0:06:07]} 21. Qc6 {[%clk 0:05:54]} e5 {[%clk 0:06:04]} 22. dxe5
{[%clk 0:05:17]} dxe5 {[%clk 0:06:13]} 23. Nf3 {[%clk 0:05:25]} Bf6
{[%clk 0:06:09]} 24. Rd1 {[%clk 0:05:10]} Rf7 {[%clk 0:02:11]} 25. b3
{[%clk 0:04:32]} h6 {[%clk 0:02:12]} 26. Qc8 {[%clk 0:04:15]} g6 {[%clk 0:01:56]}
27. Rd5 {[%clk 0:04:00]} e4 {[%clk 0:01:57]} 28. Ne5 {[%clk 0:03:56]} Rg7
{[%clk 0:01:32]} 29. Rd7 {[%clk 0:02:01]} Qf8 30. Rxa7 {[%clk 0:01:37]} Kh7
{[%clk 0:01:25]} 31. Rxg7+ {[%clk 0:00:58]} Bxg7 {[%clk 0:01:26]} 32. Qe6
{[%clk 0:00:56]} Nf6 {[%clk 0:01:21]} 33. Qxb6 {[%clk 0:00:55]} Qa3
{[%clk 0:01:29]} 34. Bg3 {[%clk 0:00:50]} Qxa2 {[%clk 0:01:37]} 35. Qb7
{[%clk 0:00:40]} Nh5 {[%clk 0:00:43]} 36. Nc4 {[%clk 0:00:29]} Nxg3
{[%clk 0:00:28]} 37. fxg3 {[%clk 0:00:37]} h5 {[%clk 0:00:28]} 38. Kh2
{[%clk 0:00:40]} Qf2 {[%clk 0:00:26]} 39. h4 {[%clk 0:00:39]} f4 {[%clk 0:00:24]}
40. gxf4 {[%clk 0:00:28]} Qxh4+ {[%clk 0:00:32]} 41. Kg1 {[%clk 0:00:37]} Qe1+
{[%clk 0:00:34]} 42. Kh2 {[%clk 0:00:46]} Qh4+ 1/2-1/2

[Event "Russian Rapid Team Championship (w)"]
[Site "Sochi"]
[Date "2022.10.19"]
[Round "6.2"]
[White "Kharashuta, Ekaterina"]
[Black "Girya, Olga"]
[Result "1/2-1/2"]
[BlackElo "2298"]
[WhiteElo "2241"]
[LiveChessVersion "1.4.8"]

1. Nf3 {[%clk 0:15:18]} d5 {[%clk 0:15:19]} 2. g3 {[%clk 0:15:27]} c6
{[%clk 0:15:28]} 3. Bg2 {[%clk 0:15:35]} Bg4 {[%clk 0:15:37]} 4. h3
{[%clk 0:15:34]} Bh5 {[%clk 0:15:46]} 5. d3 {[%clk 0:15:40]} Nd7 {[%clk 0:15:53]}
6. O-O {[%clk 0:15:44]} Ngf6 {[%clk 0:16:02]} 7. e4 {[%clk 0:15:48]} dxe4
{[%clk 0:15:13]} 8. dxe4 {[%clk 0:15:57]} Nxe4 {[%clk 0:15:12]} 9. Re1
{[%clk 0:15:56]} Nef6 {[%clk 0:14:42]} 10. g4 {[%clk 0:15:39]} Bg6
{[%clk 0:14:48]} 11. c4 {[%clk 0:15:32]} e6 {[%clk 0:14:28]} 12. Nc3
{[%clk 0:15:34]} Nc5 {[%clk 0:13:27]} 13. Ne5 {[%clk 0:14:55]} Nd3
{[%clk 0:11:51]} 14. Nxd3 {[%clk 0:13:17]} Qxd3 {[%clk 0:11:57]} 15. Qb3
{[%clk 0:12:39]} Bc5 {[%clk 0:09:04]} 16. Qxb7 {[%clk 0:12:24]} O-O
{[%clk 0:09:13]} 17. Qxc6 {[%clk 0:11:46]} Rac8 {[%clk 0:09:21]} 18. Qa4
{[%clk 0:10:12]} Bb6 {[%clk 0:08:58]} 19. Rd1 {[%clk 0:07:42]} Qg3
{[%clk 0:07:07]} 20. c5 {[%clk 0:06:48]} Bxc5 {[%clk 0:07:14]} 21. Qf4
{[%clk 0:06:56]} Qxf4 {[%clk 0:06:56]} 22. Bxf4 {[%clk 0:07:04]} Bb6
{[%clk 0:02:49]} 23. Rac1 {[%clk 0:05:20]} Rfd8 {[%clk 0:02:43]} 24. Bb7
{[%clk 0:04:14]} Rxd1+ {[%clk 0:02:51]} 25. Rxd1 {[%clk 0:04:23]} Rd8
{[%clk 0:03:00]} 26. Rxd8+ {[%clk 0:04:21]} Bxd8 {[%clk 0:03:09]} 27. b4
{[%clk 0:03:57]} Nd7 {[%clk 0:02:20]} 28. a4 {[%clk 0:03:50]} a5 {[%clk 0:02:14]}
29. Bd6 {[%clk 0:03:29]} f6 {[%clk 0:01:39]} 30. Nb5 {[%clk 0:02:22]} Bc2
{[%clk 0:01:29]} 31. Bc8 {[%clk 0:01:33]} Nf8 {[%clk 0:01:29]} 32. Nd4
{[%clk 0:01:10]} Bxa4 {[%clk 0:01:24]} 33. Nxe6 {[%clk 0:01:15]} Nxe6
{[%clk 0:01:23]} 34. Bxe6+ {[%clk 0:01:22]} Kh8 {[%clk 0:01:32]} 35. bxa5
{[%clk 0:01:25]} Bxa5 {[%clk 0:01:41]} 36. f4 {[%clk 0:01:16]} g6
{[%clk 0:01:38]} 37. Bc5 {[%clk 0:00:58]} Bc3 {[%clk 0:01:37]} 38. Kf2
{[%clk 0:01:06]} Bc6 {[%clk 0:01:41]} 39. h4 {[%clk 0:01:10]} Kg7
{[%clk 0:01:45]} 40. f5 {[%clk 0:01:05]} Be4 {[%clk 0:01:12]} 41. fxg6
{[%clk 0:00:58]} hxg6 {[%clk 0:01:21]} 42. Be3 {[%clk 0:01:06]} Bc2
{[%clk 0:01:23]} 1/2-1/2

[Event "Russian Rapid Team Championship (w)"]
[Site "Sochi"]
[Date "2022.10.19"]
[Round "6.3"]
[White "Garifullina, Leya"]
[Black "Zhapova, Yana"]
[Result "1-0"]
[BlackElo "2120"]
[WhiteElo "2273"]
[LiveChessVersion "1.4.8"]

1. e4 {[%clk 0:15:17]} c6 {[%clk 0:15:18]} 2. d4 {[%clk 0:15:25]} d5
{[%clk 0:15:25]} 3. e5 {[%clk 0:15:30]} Bf5 {[%clk 0:15:31]} 4. Nf3
{[%clk 0:15:37]} e6 {[%clk 0:15:36]} 5. Be2 {[%clk 0:15:45]} c5 {[%clk 0:15:39]}
6. Be3 {[%clk 0:15:47]} cxd4 {[%clk 0:15:16]} 7. Nxd4 {[%clk 0:15:48]} Ne7
{[%clk 0:14:44]} 8. c4 {[%clk 0:15:18]} Nbc6 {[%clk 0:13:44]} 9. Qa4
{[%clk 0:15:16]} a6 {[%clk 0:11:15]} 10. Nc3 {[%clk 0:14:32]} dxc4
{[%clk 0:10:58]} 11. O-O-O {[%clk 0:14:14]} Qa5 {[%clk 0:10:28]} 12. Qxa5
{[%clk 0:13:07]} Nxa5 {[%clk 0:10:36]} 13. Nxf5 {[%clk 0:13:05]} Nxf5
{[%clk 0:10:44]} 14. Bb6 {[%clk 0:13:13]} Nc6 {[%clk 0:10:16]} 15. f4
{[%clk 0:13:17]} Rc8 {[%clk 0:08:14]} 16. Bxc4 {[%clk 0:09:46]} Bb4
{[%clk 0:06:49]} 17. Bb3 {[%clk 0:08:28]} Ba5 {[%clk 0:04:52]} 18. Bf2
{[%clk 0:04:33]} O-O {[%clk 0:04:22]} 19. Rd3 {[%clk 0:03:26]} Nb4
{[%clk 0:03:11]} 20. Rd7 {[%clk 0:03:22]} b5 {[%clk 0:01:27]} 21. Kb1
{[%clk 0:03:26]} Nc6 {[%clk 0:01:26]} 22. Ne4 {[%clk 0:03:11]} Rfd8
{[%clk 0:01:22]} 23. Rhd1 {[%clk 0:02:43]} Rxd7 {[%clk 0:00:55]} 24. Rxd7
{[%clk 0:02:51]} Rd8 {[%clk 0:01:04]} 25. Rxd8+ {[%clk 0:02:47]} Bxd8
{[%clk 0:01:13]} 26. Kc1 {[%clk 0:01:41]} Nfd4 {[%clk 0:01:04]} 27. Bd1
{[%clk 0:01:43]} Bb6 {[%clk 0:01:02]} 28. Kd2 {[%clk 0:01:40]} Kf8
{[%clk 0:01:11]} 29. a3 {[%clk 0:01:37]} Ke7 {[%clk 0:00:56]} 30. Kd3
{[%clk 0:01:45]} h6 {[%clk 0:00:34]} 31. Nd6 {[%clk 0:01:42]} Bc5
{[%clk 0:00:18]} 32. b4 {[%clk 0:01:38]} Bxd6 {[%clk 0:00:15]} 33. exd6+
{[%clk 0:01:47]} 1-0

[Event "Russian Rapid Team Championship (w)"]
[Site "Sochi"]
[Date "2022.10.19"]
[Round "6.4"]
[White "Loskutova, Viktoriya"]
[Black "Guseva, Marina"]
[Result "0-1"]
[BlackElo "2273"]
[WhiteElo "2027"]
[LiveChessVersion "1.4.8"]

1. e4 {[%clk 0:15:18]} c6 {[%clk 0:15:19]} 2. d4 {[%clk 0:15:26]} d5
{[%clk 0:15:27]} 3. exd5 {[%clk 0:15:35]} cxd5 {[%clk 0:15:35]} 4. Bd3
{[%clk 0:15:43]} Nc6 {[%clk 0:15:43]} 5. c3 {[%clk 0:15:51]} Nf6 {[%clk 0:15:50]}
6. Bf4 {[%clk 0:15:54]} Bg4 {[%clk 0:15:57]} 7. Qb3 {[%clk 0:16:02]} Qd7
{[%clk 0:16:05]} 8. Nd2 {[%clk 0:16:10]} e6 {[%clk 0:16:13]} 9. Ngf3
{[%clk 0:16:19]} Bd6 {[%clk 0:16:21]} 10. Bxd6 {[%clk 0:16:27]} Qxd6
{[%clk 0:16:30]} 11. O-O {[%clk 0:16:35]} O-O {[%clk 0:16:35]} 12. Rfe1
{[%clk 0:16:41]} Qc7 {[%clk 0:16:39]} 13. Ne5 {[%clk 0:16:22]} Nxe5
{[%clk 0:16:43]} 14. Rxe5 {[%clk 0:16:27]} Bh5 {[%clk 0:15:41]} 15. Qc2
{[%clk 0:11:00]} Bg6 {[%clk 0:15:42]} 16. Bxg6 {[%clk 0:10:40]} hxg6
{[%clk 0:15:49]} 17. Re3 {[%clk 0:09:23]} b5 {[%clk 0:15:38]} 18. a4
{[%clk 0:07:34]} b4 {[%clk 0:15:18]} 19. Nb3 {[%clk 0:05:35]} Rab8
{[%clk 0:13:25]} 20. Nc5 {[%clk 0:05:31]} bxc3 {[%clk 0:13:12]} 21. Rxc3
{[%clk 0:05:32]} Qf4 {[%clk 0:13:08]} 22. Rd1 {[%clk 0:04:58]} Qd6
{[%clk 0:06:46]} 23. Nd3 {[%clk 0:01:14]} Qb6 {[%clk 0:05:54]} 24. Ne5
{[%clk 0:01:12]} Qxb2 {[%clk 0:04:40]} 25. Qxb2 {[%clk 0:01:19]} Rxb2
{[%clk 0:04:48]} 26. Rc7 {[%clk 0:01:27]} a6 {[%clk 0:03:59]} 27. Ra7
{[%clk 0:01:29]} Ne4 {[%clk 0:03:26]} 28. Rxa6 {[%clk 0:00:44]} Rxf2
{[%clk 0:02:57]} 29. a5 {[%clk 0:00:29]} Ra2 {[%clk 0:02:43]} 30. Ra7
{[%clk 0:00:26]} Rb8 {[%clk 0:02:15]} 31. Nd3 {[%clk 0:00:12]} Rb3
{[%clk 0:02:00]} 32. Ra8+ {[%clk 0:00:16]} Kh7 {[%clk 0:02:09]} 33. h3
{[%clk 0:00:16]} Rba3 {[%clk 0:01:25]} 34. Ne5 {[%clk 0:00:23]} f6
{[%clk 0:01:22]} 35. Nc6 {[%clk 0:00:17]} Rg3 {[%clk 0:01:28]} 36. Nb4
{[%clk 0:00:12]} Rgxg2+ {[%clk 0:01:36]} 37. Kh1 {[%clk 0:00:20]} Ng3#
{[%clk 0:01:45]} 0-1

[Event "Russian Rapid Team Championship (w)"]
[Site "Sochi"]
[Date "2022.10.19"]
[Round "6.5"]
[White "Bodnaruk, Anastasia"]
[Black "Voit, Daria"]
[Result "0-1"]
[BlackElo "2297"]
[WhiteElo "2278"]
[LiveChessVersion "1.4.8"]

1. e4 {[%clk 0:15:19]} c6 {[%clk 0:15:19]} 2. d4 {[%clk 0:15:22]} d5
{[%clk 0:15:26]} 3. e5 {[%clk 0:15:30]} Bf5 {[%clk 0:15:34]} 4. g4
{[%clk 0:15:30]} Be4 {[%clk 0:15:08]} 5. f3 {[%clk 0:15:39]} Bg6 {[%clk 0:15:17]}
6. e6 {[%clk 0:15:46]} fxe6 {[%clk 0:15:12]} 7. h4 {[%clk 0:15:22]} Qd6
{[%clk 0:13:32]} 8. h5 {[%clk 0:14:36]} Bf7 {[%clk 0:12:42]} 9. f4
{[%clk 0:14:22]} g6 {[%clk 0:10:31]} 10. Nf3 {[%clk 0:13:31]} gxh5
{[%clk 0:09:16]} 11. g5 {[%clk 0:11:44]} Nd7 {[%clk 0:09:07]} 12. Ne5
{[%clk 0:11:25]} Nxe5 {[%clk 0:09:03]} 13. fxe5 {[%clk 0:11:33]} Qb4+
{[%clk 0:09:02]} 14. c3 {[%clk 0:11:32]} Qb6 {[%clk 0:09:10]} 15. Be2
{[%clk 0:08:58]} Kd7 {[%clk 0:08:15]} 16. Bxh5 {[%clk 0:08:48]} Bxh5
{[%clk 0:08:23]} 17. Qxh5 {[%clk 0:07:52]} c5 {[%clk 0:08:30]} 18. Qg4
{[%clk 0:05:50]} Bg7 {[%clk 0:08:16]} 19. Nd2 {[%clk 0:05:10]} cxd4
{[%clk 0:08:00]} 20. cxd4 {[%clk 0:05:17]} Qa5 {[%clk 0:07:03]} 21. b4
{[%clk 0:04:21]} Qb5 {[%clk 0:06:05]} 22. a4 {[%clk 0:03:36]} Qc6
{[%clk 0:05:32]} 23. Rh3 {[%clk 0:03:13]} h6 {[%clk 0:04:40]} 24. Nb3
{[%clk 0:01:56]} b6 {[%clk 0:04:41]} 25. a5 {[%clk 0:01:12]} hxg5
{[%clk 0:03:45]} 26. Bd2 {[%clk 0:00:37]} Nh6 {[%clk 0:02:48]} 27. Qe2
{[%clk 0:00:21]} Nf5 {[%clk 0:02:47]} 28. Rxh8 {[%clk 0:00:15]} Rxh8
{[%clk 0:02:55]} 29. Qg2 {[%clk 0:00:13]} Qc2 {[%clk 0:02:29]} 30. axb6
{[%clk 0:00:21]} Qxb3 {[%clk 0:02:08]} 31. bxa7 {[%clk 0:00:29]} Ra8
{[%clk 0:02:05]} 32. Qf2 {[%clk 0:00:13]} Qb2 {[%clk 0:01:44]} 33. Ra6
{[%clk 0:00:16]} Nxd4 {[%clk 0:01:29]} 34. Qf7 {[%clk 0:00:20]} Bxe5
{[%clk 0:01:19]} 35. Rb6 {[%clk 0:00:14]} Rxa7 {[%clk 0:01:15]} 0-1

[Event "Russian Rapid Team Championship (w)"]
[Site "Sochi"]
[Date "2022.10.19"]
[Round "6.6"]
[White "Kovalevskaya, Ekaterina"]
[Black "Chernyak, Viktoria"]
[Result "1/2-1/2"]
[BlackElo "2152"]
[WhiteElo "2257"]
[LiveChessVersion "1.4.8"]

1. Nf3 {[%clk 0:15:18]} c5 {[%clk 0:15:19]} 2. g3 {[%clk 0:15:24]} Nc6
{[%clk 0:15:27]} 3. Bg2 {[%clk 0:15:21]} g6 {[%clk 0:15:35]} 4. O-O
{[%clk 0:15:11]} Bg7 {[%clk 0:15:44]} 5. c4 {[%clk 0:15:08]} d6 {[%clk 0:15:37]}
6. Nc3 {[%clk 0:15:09]} e5 {[%clk 0:15:04]} 7. a3 {[%clk 0:14:47]} Nge7
{[%clk 0:14:32]} 8. Rb1 {[%clk 0:12:14]} a5 {[%clk 0:11:42]} 9. Ne1
{[%clk 0:10:22]} O-O {[%clk 0:10:37]} 10. Nc2 {[%clk 0:10:27]} f5
{[%clk 0:07:23]} 11. b4 {[%clk 0:07:47]} axb4 {[%clk 0:06:30]} 12. axb4
{[%clk 0:07:55]} e4 {[%clk 0:06:07]} 13. Nd5 {[%clk 0:05:12]} Nxd5
{[%clk 0:05:19]} 14. cxd5 {[%clk 0:05:20]} Nd4 {[%clk 0:02:06]} 15. d3
{[%clk 0:02:27]} exd3 {[%clk 0:01:51]} 16. Qxd3 {[%clk 0:02:03]} b6
{[%clk 0:01:58]} 17. Nxd4 {[%clk 0:01:24]} Bxd4 {[%clk 0:02:04]} 18. Bb2
{[%clk 0:01:26]} Bxb2 {[%clk 0:01:46]} 19. Rxb2 {[%clk 0:01:35]} Qf6
{[%clk 0:01:28]} 20. Qc2 {[%clk 0:01:29]} Bd7 {[%clk 0:00:40]} 21. bxc5
{[%clk 0:00:53]} bxc5 {[%clk 0:00:42]} 22. Rb7 {[%clk 0:00:55]} Bc8
{[%clk 0:00:31]} 23. Rb6 {[%clk 0:00:59]} f4 {[%clk 0:00:17]} 24. Qe4
{[%clk 0:00:35]} Ra2 {[%clk 0:00:15]} 25. Qxf4 {[%clk 0:00:22]} Rxe2
{[%clk 0:00:20]} 26. Qxd6 {[%clk 0:00:16]} Qxd6 {[%clk 0:00:27]} 27. Rxd6
{[%clk 0:00:25]} c4 {[%clk 0:00:19]} 28. Rc6 {[%clk 0:00:33]} Rc2
{[%clk 0:00:26]} 29. d6 {[%clk 0:00:40]} Be6 {[%clk 0:00:35]} 30. d7
{[%clk 0:00:36]} Bxd7 {[%clk 0:00:41]} 31. Rxc4 {[%clk 0:00:34]} Rd2
{[%clk 0:00:41]} 32. Rb4 {[%clk 0:00:29]} Re8 {[%clk 0:00:32]} 33. Rbb1
{[%clk 0:00:31]} Bf5 {[%clk 0:00:36]} 34. Rbd1 {[%clk 0:00:38]} Red8
{[%clk 0:00:38]} 35. Rxd2 {[%clk 0:00:45]} Rxd2 {[%clk 0:00:47]} 36. h4
{[%clk 0:00:53]} Kg7 {[%clk 0:00:53]} 37. Ra1 {[%clk 0:01:01]} h6
{[%clk 0:00:42]} 38. Bf3 {[%clk 0:01:01]} Rb2 {[%clk 0:00:46]} 39. Kg2
{[%clk 0:01:02]} h5 {[%clk 0:00:46]} 40. Ra5 {[%clk 0:01:09]} Kf6
{[%clk 0:00:55]} 41. Ra6+ {[%clk 0:01:12]} Ke5 {[%clk 0:00:59]} 42. Ra5+
{[%clk 0:01:14]} Kf6 {[%clk 0:01:08]} 43. Rc5 {[%clk 0:01:22]} Rd2
{[%clk 0:01:15]} 44. Ra5 {[%clk 0:01:00]} Ke5 1/2-1/2